00279nam a22000857a 4500008004100000010001400041245008200055260003300137500002300170130906b xxu||||| |||| 00| 0 eng d aHCCSF-119 aHigh Court Civil Suit No. 543 of 1976 Joseph Omala Migulu vs Attorney General aUganda High Courtc23/6/1976 3Justice M.A.A Khan